000 01690nam a22004577a 4500
001 000095382
003 CHAP
005 20220329143107.0
008 060310d2006 mx r 00110 spa d
010 _a91848
011 _a92820
035 _a103386
040 _cCHAP
090 _aTesis
100 1 _aLópez Orantes, William.
_968178
245 1 0 _aEvaluación técnica y financiera de una agroempresa productora de leche del estado de Jalisco /
_c/por William López Orantes.
260 _aChapingo, Méx. :
_bEl autor,
_c2006.
300 _a66 h.
502 _aTesis (Ing. Agr. Esp. en Zootecnia) -- UACH. Departamento de Zootecnia
590 _aALEPH
_b10
_c20130110
_lUCH01
_h1510
590 _aBATCH-UPD
_b10
_c20130110
_lUCH01
_h0752
590 _aBATCH-UPD
_b10
_c20130410
_lUCH01
_h0433
590 _aBATCH-UPD
_b10
_c20130914
_lUCH01
_h1304
590 _aBATCH-UPD
_b10
_c20140324
_lUCH01
_h1454
590 _aBATCH-UPD
_b10
_c20141002
_lUCH01
_h0829
590 _aCONVERSION
_b10
_c20130109
_lUCH01
_h1351
590 _aE12093SGE
_b10
_c20130603
_lUCH01
_h1127
650 1 4 _aEmpresas agropecuarias.
_936649
650 1 4 _aGanado lechero
_xJalisco.
_945273
650 1 4 _aGanado lechero
_xProducción.
_945288
650 1 4 _aGanado lechero
_xReproducción.
_945294
650 1 4 _aLeche
_xProducción.
_965400
650 1 4 _aSistemas de producción.
_9106767
856 _3Finding aid
_uhttp://10.13.5.2/tesis/103386.pdf
_zTeclea aquí
901 _aBK
905 _aAlejandra Carrasco M.
942 _cCD
942 _n0
949 _aTesis
_bBC
_cTES
_d00000001033861
_eTS1
_gDonaciØn
_h44550
_i103386
_sb
949 _aTesis
_bBC
_cTES
_d33724000999678
_eTS2
_fc.2
_gDonaciØn
_h44551
_i103386
_sb
999 _c91848
_d91848